Geography Quiz

Random Geography or City Quiz

US Cities Neighbor Blitz Quiz Stats

 Plays Quiz Updated Dec 7, 2018

Challenge
Share
Tweet
Score 0/178 Timer 06:00
13 Plays Today
% Correct
Philadelphia, PA
98.9%
Jersey City, NJ
98.6%
New York, NY
98.6%
Newark, NJ
98.6%
Yonkers, NY
98.6%
Anaheim, CA
97.3%
Corona, CA
97.3%
Garden Grove, CA
97.3%
Huntington Beach, CA
97.3%
Irvine, CA
97.3%
Moreno Valley, CA
97.3%
Riverside, CA
97.3%
Santa Ana, CA
97.3%
Fontana, CA
97.3%
Long Beach, CA
97.3%
Oceanside, CA
97.3%
Ontario, CA
97.3%
Rancho Cucamonga, CA
97.3%
San Bernardino, CA
97.3%
Escondido, CA
95.6%
Pomona, CA
95.6%
Glendale, CA
95.1%
Lancaster, CA
95.1%
Los Angeles, CA
95.1%
Palmdale, CA
95.1%
Santa Clarita, CA
95.1%
Oxnard, CA
94.9%
Milwaukee, WI
94.7%
Rockford, IL
94.7%
Aurora, IL
93.8%
Chicago, IL
93.8%
Fremont, CA
93.7%
Oakland, CA
93.7%
San Jose, CA
93.7%
Stockton, CA
93.7%
Santa Rosa, CA
93.7%
Bakersfield, CA
93.5%
Baltimore, MD
92.8%
Boston, MA
92.1%
Providence, RI
92.1%
Springfield, MA
92.1%
Worcester, MA
92.1%
Arlington, TX
91.8%
Dallas, TX
91.8%
Fort Worth, TX
91.8%
Garland, TX
91.8%
Grand Prairie, TX
91.8%
Irving, TX
91.8%
Plano, TX
91.8%
Columbus, GA
91.8%
Cleveland, OH
91.4%
Fort Lauderdale, FL
91.2%
Hialeah, FL
91.2%
Pembroke Pines, FL
91.2%
Atlanta, GA
91.2%
Miami, FL
91.2%
Toledo, OH
91.1%
Detroit, MI
90.9%
San Francisco, CA
90.6%
Washington, DC
90.4%
% Correct
Cincinnati, OH
89.9%
Seattle, WA
89.5%
Tacoma, WA
89.5%
Alexandria, VA
88.5%
Arlington, VA
88.5%
Hayward, CA
88.3%
Richmond, VA
85.9%
Chandler, AZ
85.8%
Gilbert, AZ
85.8%
Mesa, AZ
85.8%
Akron, OH
85.6%
Austin, TX
85.6%
San Antonio, TX
85.6%
Glendale, AZ
85%
Peoria, AZ
85%
Phoenix, AZ
85%
Scottsdale, AZ
85%
Tempe, AZ
85%
Houston, TX
84.7%
Aurora, CO
84%
Colorado Springs, CO
84%
Denver, CO
84%
Salem, OR
84%
Portland, OR
83.4%
Vancouver, WA
83.4%
Orlando, FL
83%
St. Petersburg, FL
83%
Tampa, FL
83%
San Diego, CA
83%
Chula Vista, CA
82.2%
Lakewood, CO
81.8%
Sunnyvale, CA
81.1%
Fort Collins, CO
80.7%
Indianapolis, IN
80.6%
Huntsville, AL
80.6%
New Orleans, LA
80.4%
Baton Rouge, LA
80.4%
Modesto, CA
79.4%
Hollywood, FL
79.4%
Montgomery, AL
78.5%
Columbus, OH
78.3%
Minneapolis, MN
78.1%
St. Paul, MN
78.1%
Henderson, NV
77.3%
Las Vegas, NV
77.3%
North Las Vegas, NV
77.3%
Elk Grove, CA
77.1%
Sacramento, CA
77%
Greensboro, NC
76.9%
Winston-Salem, NC
76.7%
Pittsburgh, PA
75.7%
Kansas City, MO
75.7%
Overland Park, KS
75.7%
Pasadena, TX
75%
*St. Louis, MO
74.6%
Lexington, KY
74.3%
Louisville, KY
74.3%
Nashville, TN
73.8%
*Jackson, MS
73.6%
Macon, GA
72%
% Correct
Clarksville, TN
69.7%
*Oklahoma City, OK
68.8%
Port St. Lucie, FL
67.3%
Paradise, NV
67.1%
Spring Valley, NV
67.1%
Sunrise Manor, NV
67.1%
Madison, WI
66.4%
*Memphis, TN
66.3%
Kansas City, KS
66%
*Jacksonville, FL
63.9%
Durham, NC
63%
Raleigh, NC
63%
Fayetteville, NC
62.6%
*Salt Lake City, UT
62.4%
Chesapeake, VA
62.4%
Newport News, VA
62.4%
Norfolk, VA
62.4%
Virginia Beach, VA
62.4%
Cape Coral, FL
61.3%
Cary, NC
61.3%
Lincoln, NE
61.2%
Omaha, NE
61.2%
Buffalo, NY
61%
Rochester, NY
61%
Charlotte, NC
60.7%
Birmingham, AL
60.5%
Salinas, CA
57.3%
*Boise, ID
54.6%
*Honolulu, HI
54.5%
*El Paso, TX
52.2%
*Little Rock, AR
51.8%
*Albuquerque, NM
51.3%
*Des Moines, IA
49.4%
*Anchorage, AK
47.5%
Tucson, AZ
47.4%
*Reno, NV
43.2%
*Tulsa, OK
40.7%
Chattanooga, TN
38.8%
*Springfield, MO
38.1%
Fresno, CA
35.6%
Knoxville, TN
35.1%
Eugene, OR
34.9%
Frisco, TX
34.9%
McKinney, TX
34.9%
Fort Wayne, IN
34.3%
*Tallahassee, FL
33.9%
*Mobile, AL
32.8%
*Wichita, KS
30.9%
*Spokane, WA
28.5%
*Augusta, GA
27.6%
*Grand Rapids, MI
21.9%
*Amarillo, TX
19.4%
*Corpus Christi, TX
19.3%
*Lubbock, TX
19.3%
*Sioux Falls, SD
18.4%
*Shreveport, LA
15.9%
*Laredo, TX
13.8%
*Brownsville, TX
12%

You're not logged in!

Compare scores with friends on all Sporcle quizzes.
OR
Log In

You Might Also Like...

Show Comments

Extras

Top Quizzes Today


Score Distribution

Your Account Isn't Verified!

In order to create a playlist on Sporcle, you need to verify the email address you used during registration. Go to your Sporcle Settings to finish the process.

Report this User

Report this user for behavior that violates our Community Guidelines.

Details: